<?xml version="1.0" encoding="UTF-8"?>
<record
    xmlns:xsi="http://www.w3.org/2001/XMLSchema-instance"
    xsi:schemaLocation="http://www.loc.gov/MARC21/slim http://www.loc.gov/standards/marcxml/schema/MARC21slim.xsd"
    xmlns="http://www.loc.gov/MARC21/slim">

  <leader>01343nam a22002057a 4500</leader>
  <controlfield tag="005">20150202082940.0</controlfield>
  <controlfield tag="008">131112b2009    ck ||||| |||| 00| 0 spa d</controlfield>
  <datafield tag="040" ind1=" " ind2=" ">
    <subfield code="a">CO-BoIAVH</subfield>
    <subfield code="c">CO-BoIAVH</subfield>
  </datafield>
  <datafield tag="041" ind1=" " ind2=" ">
    <subfield code="a">spa</subfield>
  </datafield>
  <datafield tag="044" ind1=" " ind2=" ">
    <subfield code="a">ck</subfield>
  </datafield>
  <datafield tag="090" ind1=" " ind2=" ">
    <subfield code="a">IAVH</subfield>
    <subfield code="b">01457</subfield>
  </datafield>
  <datafield tag="245" ind1=" " ind2=" ">
    <subfield code="a">Implementar las herrmientas de manejo de paisaje negocidas y concretadas por el equipo tecnico de los convenio con la Car en la zona de la reserva forestal laguna de Pedro Palo cerro Manju&#xED; y sitios prorizados en el distrito de manejo integrado DMI cuchilla de pe&#xF1;as blancas y el subia, en el departamento de Cundinamarca</subfield>
    <subfield code="b">Informe final de actividades </subfield>
  </datafield>
  <datafield tag="260" ind1=" " ind2=" ">
    <subfield code="a">Bogota</subfield>
    <subfield code="b">Instituto  de Investigaci&#xF3;n de Recursos Biol&#xF3;gicos Alexander von Humboldt</subfield>
    <subfield code="b">Corporaci&#xF3;n Aut&#xF3;noma Regional</subfield>
    <subfield code="c">2009</subfield>
  </datafield>
  <datafield tag="300" ind1=" " ind2=" ">
    <subfield code="a">25 p.</subfield>
    <subfield code="b">il</subfield>
    <subfield code="c">27 cm</subfield>
  </datafield>
  <datafield tag="500" ind1=" " ind2=" ">
    <subfield code="a">Informe tecnico contrato N&#xBA; 09-08-330-0138 PS</subfield>
  </datafield>
  <datafield tag="520" ind1=" " ind2=" ">
    <subfield code="a">Implementar las herramientas de manejo de paisaje negociadas y concretas por el equipo tecnico de los convenios con la CAR en la zona de la Reserva Forestal Laguna de Pedro Palo- Cerro Manju&#xED; y sitios priorizados en el Distrito de Manejo Integrado DMI Cuchilla de Pe&#xF1;as Blancas y el Subia, en el departamento de Cundimanarca.</subfield>
  </datafield>
  <datafield tag="650" ind1=" " ind2=" ">
    <subfield code="a">Manejo de paisaje </subfield>
    <subfield code="9">2429</subfield>
  </datafield>
  <datafield tag="650" ind1=" " ind2=" ">
    <subfield code="a">Corredores biol&#xF3;gicos</subfield>
    <subfield code="z">Laguna de pedro palo (Cundinamarca)</subfield>
    <subfield code="9">32407</subfield>
  </datafield>
  <datafield tag="942" ind1=" " ind2=" ">
    <subfield code="2">z</subfield>
    <subfield code="c">INFORME</subfield>
    <subfield code="0">1</subfield>
  </datafield>
  <datafield tag="999" ind1=" " ind2=" ">
    <subfield code="c">7763</subfield>
    <subfield code="d">7763</subfield>
  </datafield>
  <datafield tag="952" ind1=" " ind2=" ">
    <subfield code="0">0</subfield>
    <subfield code="1">0</subfield>
    <subfield code="2">z</subfield>
    <subfield code="4">0</subfield>
    <subfield code="7">0</subfield>
    <subfield code="8">HUMBOLDT</subfield>
    <subfield code="I">INV2017</subfield>
    <subfield code="a">Bogota</subfield>
    <subfield code="b">Bogota</subfield>
    <subfield code="d">2013-11-12</subfield>
    <subfield code="l">1</subfield>
    <subfield code="o">IAVH-01457</subfield>
    <subfield code="p">059234</subfield>
    <subfield code="r">2024-08-09 00:00:00</subfield>
    <subfield code="s">2014-04-10</subfield>
    <subfield code="t">Ej. 1</subfield>
    <subfield code="w">2013-11-12</subfield>
    <subfield code="x">Dep&#xF3;sito Institucional</subfield>
    <subfield code="y">INFORME</subfield>
  </datafield>
</record>
